Pokémon Générique 12 - Oui, Fonce ! - Statistiques

Statistiques générales
  • Ce quiz a été pris 522 fois
  • Le résultat moyen est 65 sur 73
Statistiques - réponses
Paroles % Correct
De
98%
De
98%
De
98%
Le
98%
La
97%
La
97%
les
97%
Les
97%
Les
97%
Bat,
96%
Se
95%
À
94%
Bon !
94%
(Bon !)
94%
On
94%
On
94%
On
94%
Pokémon
94%
Toi !
94%
(Toi !)
94%
Toi.
94%
Es
93%
Si
93%
Si
93%
Combat,
92%
Justice.
92%
Pour
92%
Tous
92%
Fonce !
91%
(Fonce !)
91%
Oui
91%
(Oui)
91%
Qui
91%
Victoire !
91%
Ensemble,
90%
Je
90%
Est
89%
Tiens
89%
(Tiens)
89%
Tu
89%
Tu
89%
Tu
89%
Bats
88%
(Bats)
88%
Cris
88%
Entends
88%
Remporter
88%
Service !
88%
Peut
87%
Son
87%
C'est
85%
Résonnent,
85%
Bons
83%
Choix.
83%
Difficile
83%
Faire
83%
Parfois,
83%
Près
83%
Jamais
82%
Ton
82%
Fort,
81%
Mais
81%
Pouvoir
81%
N'auras
80%
Combats
79%
Fond,
79%
Cœur,
78%
Et
78%
Sais
78%
Galactiques.
77%
Qu'au
77%
Tort.
77%
Suis
75%
Aucun quiz correspondant
Distribution des résultats
% des personnes avec chaque résultat
Percentile par nombre de réponses
Votre historique - résultats
Vous n’avez pas pris ce quiz